London Underground Station with Cardinal Directions - Statistics

General Stats
  • This quiz has been taken 412 times
    397 since last reset
  • The average score is 21 of 39
Answer Stats
Direction Station % Correct
East East Ham
84%
East East Acton
82%
West West Ham
81%
North North Acton
78%
West West Acton
76%
East East Finchley
74%
South South Kensington
67%
West West Ruislip
66%
East Hounslow East
65%
West West Finchley
63%
West Hounslow West
62%
North North Harrow
62%
South South Wimbledon
62%
South South Ruislip
61%
South Southfields
59%
South South Harrow
59%
West West Kensington
59%
West West Hampstead
58%
West West Harrow
58%
North Clapham North
57%
South Clapham South
57%
North Northfields
57%
North North Ealing
54%
North North Wembley
54%
East Aldgate East
51%
East Dagenham East
44%
East East Putney
44%
South South Kenton
44%
East Mill Hill East
42%
West West Brompton
42%
South South Woodford
41%
North Northwood
40%
North Lambeth North
37%
North Northwood Hills
35%
South Southgate
35%
West Westminster
32%
North Northwick Park
28%
South Southwark
28%
West Westbourne Park
25%
No matching quizzes found
Score Distribution
Percent of People with Each Score
Percentile by Number Answered
Your Score History
You have not taken this quiz since the last reset